000 00597nam a2200181Ia 4500
008 100921s9999 xx 000 0 und d
082 _b15851
_a891.468 थ 76
100 _aभावे पुरूषोत्तम भास्कर.
245 _aरांगोळी.
260 _bनागपूर प्रकाशन,नागपूर.
_c1976
300 _a184
_b---
365 _b13
520 _aललित-संकीर्ण.
630 _aरांगोळी.
650 _aललित-संकीर्ण.
730 _aरांगोळी.
942 _cBOOK
999 _c764964
_d764961